Catálogo público

Nutrición animal / (Record no. 166450)

MARC details
000 -CABECERA
campo de control de longitud fija 01087nam a2200349Ia 4500
001 - NÚMERO DE CONTROL
campo de control Z_3340
003 - IDENTIFICADOR DEL NÚMERO DE CONTROL
campo de control CHAP
008 - DATOS DE LONGITUD FIJA--INFORMACIÓN GENERAL
campo de control de longitud fija 220113s1979 xx 000 0 und d
010 ## - NÚMERO DE CONTROL DE LA BIBLIOTECA DEL CONGRESO
Número de control de LC 166450
020 ## - NÚMERO INTERNACIONAL ESTÁNDAR DEL LIBRO
Número Internacional Estándar del Libro 84-200-0136-8
040 ## - FUENTE DE LA CATALOGACIÓN
Centro/agencia transcriptor CHAP
082 ## - NÚMERO DE LA CLASIFICACIÓN DECIMAL DEWEY
Número de clasificación 636.085 M33 1979
100 ## - ENTRADA PRINCIPAL--NOMBRE DE PERSONA
Nombre de persona McDonald, Peter, 1926 -
9 (RLIN) 139943
245 ## - MENCIÓN DE TÍTULO
Título Nutrición animal /
Mención de responsabilidad, etc. Peter McDonald, R. A. Edwards y J. F. D. Greenhalgh; traducción Aurora Pérez Torromé
250 ## - MENCIÓN DE EDICIÓN
Mención de edición 2a ed.
260 ## - PUBLICACIÓN, DISTRIBUCIÓN, ETC.
Lugar de publicación, distribución, etc. España :
Nombre del editor, distribuidor, etc. Acribia,
Fecha de publicación, distribución, etc. 1979
300 ## - DESCRIPCIÓN FÍSICA
Extensión 462 p.
500 ## - NOTA GENERAL
Nota general Traducido de la obra en inglés: Animal Nutrition
503 ## - NOTA DE HISTORIA BIBLIOGRÁFICA (BK CF MU) [OBSOLETO]
Nota de historia bibliográfica ej.1: Donado por Miguel J. García Winder \ ej.2. s/n \ ej.3: s/n
504 ## - NOTA DE BIBLIOGRAFÍA, ETC.
Nota de bibliografía, etc. Incluye bibliografía
650 ## - PUNTO DE ACCESO ADICIONAL DE MATERIA--TÉRMINO DE MATERIA
Término de materia o nombre geográfico como elemento de entrada Alimentos y alimentación del ganado
9 (RLIN) 4326
650 ## - PUNTO DE ACCESO ADICIONAL DE MATERIA--TÉRMINO DE MATERIA
Término de materia o nombre geográfico como elemento de entrada Nutrición animal
9 (RLIN) 82275
700 ## - PUNTO DE ACCESO ADICIONAL--NOMBRE DE PERSONA
Nombre de persona .Greenhalgh, J. F. D., coaut.
9 (RLIN) 139944
700 ## - PUNTO DE ACCESO ADICIONAL--NOMBRE DE PERSONA
Nombre de persona Pérez Torromé, Aurora, tr.
9 (RLIN) 140530
700 ## - PUNTO DE ACCESO ADICIONAL--NOMBRE DE PERSONA
Nombre de persona Edwards, R. A., coaut.
9 (RLIN) 139946
901 ## - ELEMENTOS DE DATOS A LOCAL LDA (RLIN)
a 636.085 M33 1979
902 ## - ELEMENTOS DE DATOS B LOCAL, LDB (RLIN)
a M
910 ## - DATOS DE OPCIÓN DEL USUARIO (OCLC)
Datos de opción del usuario 1979
942 ## - ELEMENTOS DE PUNTO DE ACCESO ADICIONAL (KOHA)
Tipo de ítem Koha Libro_
942 ## - ELEMENTOS DE PUNTO DE ACCESO ADICIONAL (KOHA)
Tipo de ítem Koha
Holdings
Estado de retiro Estado de pérdida Fuente del sistema de clasificación o colocación Estado dañado No para préstamo Código de colección Localización permanente Ubicación/localización actual Ubicación en estantería Fecha de adquisición Código de barras Fecha visto por última vez Número de copia Precio válido a partir de Tipo de ítem Koha Total de préstamos Fecha del último préstamo
    Dewey Decimal Classification     General Zootecnia Zootecnia   09/11/2005 z_3818 18/01/2022 1 18/01/2022 Libro    
    Dewey Decimal Classification     General Zootecnia Zootecnia   09/11/2005 z_5084 02/09/2025 2 18/01/2022 Libro 2 02/09/2025
    Dewey Decimal Classification     General Zootecnia Zootecnia   09/04/2013 z_6051 18/01/2022 3 18/01/2022 Libro